| 000 | 02079cam a22005654a 4500 | ||
|---|---|---|---|
| 001 | muse33615 | ||
| 003 | MdBmJHUP | ||
| 005 | 20210127151045.0 | ||
| 006 | m o d | ||
| 007 | cr||||||||nn|n | ||
| 008 | 090106s2009 ohu o 00 0 eng d | ||
| 010 | _z 2008055804 | ||
| 020 | _a9780814271667 | ||
| 020 | _a0814271669 | ||
| 020 | _z9780814207468 (cloth : alk. paper) | ||
| 020 | _z0814207464 (cloth : alk. paper) | ||
| 020 | _z9780814291894 | ||
| 020 | _z0814291899 | ||
| 035 | _a(OCoLC)681465938 | ||
| 040 |
_aMdBmJHUP _cMdBmJHUP |
||
| 043 | _an-us--- | ||
| 050 | 0 | 4 |
_aPS228.P69 _bS38 2009 |
| 082 | 0 |
_a810.9/384 _222 |
|
| 100 | 1 | _aSavelson, Kim. | |
| 245 | 1 | 0 |
_aWhere the World Is Not _bCultural Authority and Democratic Desire in Modern American Literature / _cKim Savelson. |
| 264 | 1 | _bOhio State University Press, | |
| 264 | 3 | _bProject MUSE, | |
| 300 | _a1 online resource (xii, 196 p.) | ||
| 504 | _aIncludes bibliographical references (p. 181-187) and index. | ||
| 506 | 0 |
_aOpen Access _fUnrestricted online access _2star |
|
| 588 | _aDescription based on print version record. | ||
| 650 | 0 |
_aLiterature and society _zUnited States _xHistory _y20th century. |
|
| 650 | 0 | _aSocial change in literature. | |
| 650 | 0 | _aInventions in literature. | |
| 650 | 0 | _aIdea (Philosophy) in literature. | |
| 650 | 0 | _aDemocracy in literature. | |
| 650 | 0 | _aPragmatism in literature. | |
| 650 | 0 |
_aAmerican literature _y20th century _xHistory and criticism. |
|
| 651 | 0 |
_aUnited States _xIntellectual life _y20th century. |
|
| 655 | 7 |
_aElectronic books. _2local |
|
| 710 | 2 |
_aProject Muse. _edistributor |
|
| 830 | 0 | _aBook collections on Project MUSE. | |
| 856 | 4 | 0 |
_zFull text available: _uhttps://muse.jhu.edu/book/27818/ |
| 945 | _aProject MUSE - Archive Literature Supplement III | ||
| 945 | _aProject MUSE - Archive Complete Supplement III | ||
| 999 |
_c24446 _d24446 |
||